Historical Analogies - Statistics

General Stats
  • This quiz has been taken 30 times
  • The average score is 12 of 15
Answer Stats
Analogy 1 Analogy 2 Answer % Correct
4) Caesar is to Rome Cleopatra is to Egypt
97%
1) Aztec is to Mexico Inca is to Peru
97%
14) Cardiff is to Wales Edinburgh is to Scotland
97%
15) Magellan is to Portugal Cortes is to Spain
93%
13) Ottoman is to Turkey Khmer is to Cambodia
90%
8) Macau is to Portugal Hong Kong is to United Kingdom
90%
12) Niger is to France DR Congo is to Belgium
83%
3) Columbus is to Italy Leif Erkison is to Iceland
83%
2) William is to Mary Ferdinand is to Isabella
83%
7) Augustus is to Emperor King Tut is to Pharaoh
83%
6) Roman is to Italy Carthage is to Tunisia
72%
10) Globe Theater is to London Fords Theater is to Washington
72%
5) VE day is to Europe VJ day is to Japan
69%
11) Lincoln is to Civil War Roosevelt is to WW2
62%
9) Attila is to Huns Kublai Khan is to Mongolia
59%
No matching quizzes found
Score Distribution
Percent of People with Each Score
Percentile by Number Answered
Your Score History
You have not taken this quiz